Detalles MARC
| 000 -ENCABEZADO |
| Número de control [NR] |
02480 a2200385 4500 |
| 005 - FECHA Y HORA DE LA ÚLTIMA TRANSACCIÓN |
| control field |
20160830081128.0 |
| 008 - DE LONGITUD FIJA DE DATOS DE ELEMENTOS - INFORMACIÓN GENERAL |
| Elementos de longitud fija [NR] |
140224s2007 ag g 0 m mul d |
| 040 ## - FUENTE DE CATALOGACION [NR] |
| Agencia de catalogación original [NR] |
CO-BoUCM |
| Idioma de catalogación [NR] |
spa |
| Quien Cataloga |
Jose A. Gerena (modificó) |
| Quien Clasifica |
[Nuevo] |
| 041 ## - CODIGO DE IDIOMA [R] |
| Código de idioma para texto/pista de sonido o título separado [R] |
Inglés |
| 041 ## - CODIGO DE IDIOMA [R] |
| Código de idioma para texto/pista de sonido o título separado [R] |
Español |
| 092 ## - SIGNATURA TOPOGRAFICA LOCAL |
| Número de clasificación local |
DVD 1302 |
| 245 00 - MENCION DE TITULO [NR] |
| Título [NR] |
Petróleo sangriento |
| Mención de responsabilidad, etc. [NR] |
Paul Thomas Anderson, director |
| Medio físico [NR] |
[DVD] |
| 246 13 - FORMA VARIANTE DEL TITULO [R] |
| Título propiamente dicho/forma breve del título [NR] |
There Will Be Blood |
| 260 ## - PUBLICACION, DISTRIBUCION, ETC. (PIE DE IMPRENTA) [R] |
| Lugar de publicación, distribución, etc. [R] |
Buenos Aires (Argentina) |
| Nombre del editor, distribuidor, etc. [R] |
Paramount Vantage |
| Fecha de publicación, distribución, etc. [R] |
2007 |
| 300 ## - DESCRIPCION FISICA [R] |
| Extensión [R] |
1 DVD, 158 minutos |
| Otros detalles físicos [NR] |
imagen, sonido, color |
| 500 ## - NOTA GENERAL [R] |
| Nota general [NR] |
SINOPSIS: Daniel Plainview y su hijo son petroleros independientes a principios del siglo XX que se encuentran en busca de proyectos en California. En su búsqueda tendrán que enfrentarse a Eli Sunday, un joven predicador cuya ambición sólo es comparable a la de Plainview. La batalla entre estos dos personajes es el centro de un escalofriante y oscuramente cómico recorrido por la historia hasta el abismo de la locura [Tomado de la fuente] |
| 508 ## - NOTA DE CREDITOS DE CREACION/PRODUCCION [R] |
| Nota de créditos de creación/producción [NR] |
CRÉDITOS: Escrita y dirigida por Paul Thomas Anderson; música por Jonny Greenwood; diseño de producción por Jack Fisk; dirección de arte por David Crank; ambientación por Jim Erickson; vestuario por Mark Bridges; fotografía por Robert Elswit |
| 511 0# - NOTA DE PARTICIPANTE O INTERPRETE [R] |
| Nota de participante o intérprete [NR] |
REPARTO: Daniel Day-Lewis, Martin Stringer, Matthew Braden Stringer, Jacob Stringer, Joseph Mussey, Barry Del Sherman, Harrison Taylor, Stockton Taylor, Paul F. Tompkins, Dillon Freasier |
| 546 ## - NOTA DE IDIOMA [R] |
| Nota de idioma [NR] |
Audio en inglés y español. Subtítulos en inglés y español |
| 586 ## - NOTA DE PREMIOS [R] |
| Nota de premios [NR] |
Ganadora de dos premios de la Academia, 2008 (mejor actuación de actor en rol principal, mejor fotografía) |
| 586 ## - NOTA DE PREMIOS [R] |
| Nota de premios [NR] |
Ganadora de un premio Golden Globes, 2008 (mejor actuación de un actor en película drama) |
| 650 #4 - ASIENTO SECUNDARIO DE MATERIA - TERMINO TEMATICO [R] |
| 9 (RLIN) |
57124 |
| Término temático o nombre geográfico como elemento de entrada [NR] |
Drama en el cine |
| Subdivisión de forma [R] |
DVD |
| 650 #7 - ASIENTO SECUNDARIO DE MATERIA - TERMINO TEMATICO [R] |
| Término temático o nombre geográfico como elemento de entrada [NR] |
Pozos petroleros |
| Subdivisión geográfica [R] |
Estados Unidos |
| Subdivisión de forma [R] |
DVD |
| 9 (RLIN) |
57182 |
| 650 #7 - ASIENTO SECUNDARIO DE MATERIA - TERMINO TEMATICO [R] |
| Término temático o nombre geográfico como elemento de entrada [NR] |
Relaciones de familia |
| Subdivisión de forma [R] |
DVD |
| 9 (RLIN) |
57183 |
| 650 #7 - ASIENTO SECUNDARIO DE MATERIA - TERMINO TEMATICO [R] |
| 9 (RLIN) |
51326 |
| Término temático o nombre geográfico como elemento de entrada [NR] |
Películas cinematográficas |
| Subdivisión geográfica [R] |
Estados Unidos |
| Subdivisión de forma [R] |
DVD |
| 690 ## - ASUNTO AGREGADO LOCAL DE ENTRADA - TÉRMINO TEMÁTICO (OCLC, RLIN) |
| Acceso temático local |
Entretenimiento |
| 9 (RLIN) |
26487 |
| 690 ## - ASUNTO AGREGADO LOCAL DE ENTRADA - TÉRMINO TEMÁTICO (OCLC, RLIN) |
| Acceso temático local |
Sociología |
| 9 (RLIN) |
386 |
| 700 1# - ASIENTO SECUNDARIO - NOMBRE PERSONAL [R] |
| Nombre personal [NR] |
Anderson, Paul Thomas |
| Término de relación [R] |
director |
| 9 (RLIN) |
57145 |
| 710 2# - ASIENTO SECUNDARIO - NOMBRE CORPORATIVO [R] |
| Nombre corporativo o de jurisdicción como elemento de entrada [NR] |
Paramount Vantage |
| 9 (RLIN) |
44784 |
| 710 2# - ASIENTO SECUNDARIO - NOMBRE CORPORATIVO [R] |
| Nombre corporativo o de jurisdicción como elemento de entrada [NR] |
Miramax Films |
| 9 (RLIN) |
51630 |
| 710 2# - ASIENTO SECUNDARIO - NOMBRE CORPORATIVO [R] |
| Nombre corporativo o de jurisdicción como elemento de entrada [NR] |
Ghoulardi Film Company |
| 9 (RLIN) |
57146 |
| 765 0# - ASIENTO DE IDIOMA ORIGINAL [R] |
| Título [NR] |
There will be blood |
| 856 40 - LOCALIZACION Y ACCESO ELECTRONICOS [R] |
| Identificador Uniforme del Recurso (“URI”) [R] |
<a href="https://www.youtube.com/watch?v=nH-am_XTClk">https://www.youtube.com/watch?v=nH-am_XTClk</a> |
| Nota dirigida al público [R] |
Siga este enlace para ver el trailer |
| -- |
Trailer tomado del canal TrailerCraze vía YouTube.com |
| 942 ## - ELEMENTOS DE ENTRADA AGREGADOS (KOHA) |
| Source of classification or shelving scheme |
LOCAL |
| Tema principal |
Entretenimiento |
| Koha item type |
Multimedia |
| Edition |
1 |
| Classification part |
DVD 1302 |